000 00560nam a2200181Ia 4500
005 20250326143107.0
008 250326s9999 xx 000 0 und d
037 _aTextbook
040 _aFMSL
_beng
_cFMSL
041 _aeng
_2eng
084 _aX615 P3
_qFMSL
100 _aLoistl Otto
245 0 _aAsset management standards : corporate goverce for asset management
_cLoistl Otto; Petrag Robert
260 _aUnited Kingdom
_bUnited Kingdom, Palgrave Macmillan
_c2003
300 _a291p
942 _cTB
_hX615 P3
999 _c1298066
_d1298066